书目信息 |
| 题名: |
日汉公害辞典
|
|
| 作者: | 王兴阁 编 | |
| 分册: | ||
| 出版信息: | 北京 人民卫生出版社 1985.6 |
|
| 页数: | 561页 | |
| 开本: | 20cm | |
| 丛书名: | ||
| 单 册: | ||
| 中图分类: | X5-61:H36 | |
| 科图分类: | ||
| 主题词: | 环境污染 , 环境污染--污染防治 | |
| 电子资源: | ||
| ISBN: | ||
| 000 | 00580nam0 2200217 45 | |
| 001 | 0312221749 | |
| 005 | 20040923160613.9 | |
| 010 | @dCNY3.15 | |
| 091 | @a14048.4700 | |
| 100 | @a20031222d1985 km y0chiy0120 ea | |
| 101 | @achi | |
| 105 | @a z 000yy | |
| 200 | 1 | @a日汉公害辞典@ARi Han Gong Hai Ci Dian@f王兴阁编@FWang Xing Ge Bian |
| 210 | @a北京@c人民卫生出版社@d1985.6 | |
| 215 | @a561页@d20cm | |
| 606 | 0 | @a环境污染 |
| 606 | 0 | @a环境污染@x污染防治 |
| 690 | @aX5-61:H36@v3 | |
| 701 | 0 | @a王兴阁@4编 |
| 801 | @aCN@bTSTCL@c20031222 | |
| 905 | @dX5-61:H36@f1@b135850@e6 | |
| 日汉公害辞典/王兴阁编.-北京:人民卫生出版社,1985.6 |
| 561页;20cm |
| ISBN :CNY3.15 |
| ● |
| 相关链接 |
|
|
|
|
正题名:日汉公害辞典
索取号:X5-61:H36/6
 
预约/预借
| 序号 | 登录号 | 条形码 | 馆藏地/架位号 | 状态 | 备注 |
| 1 | 0132489 | 001517139 | 密集书库/ [索取号:X5-61:H36/6] | 在馆 | |
| 2 | 0132490 | 001517200 | 密集书库/ [索取号:X5-61:H36/6] | 在馆 | |
| 3 | 0135850 | 000561957 | 第二样本阅览室/ [索取号:X5-61:H36/6] | 在馆 |